Sports Quiz

Random Sports or NBA Quiz

2016-17 NBA Team Leaders Quiz Stats

 Plays Quiz not verified by Sporcle

Challenge
Share
Tweet
Embed
Score 0/150 Timer 10:00
0 Plays Today
Hint Answer % Correct
Chicago BullsJimmy Butler
97.4%
Chicago BullsJimmy Butler
97.4%
Cleveland CavaliersKevin Love
97.4%
Cleveland CavaliersLeBron James
97%
Cleveland CavaliersLeBron James
97%
Cleveland CavaliersLeBron James
97%
Boston CelticsIsaiah Thomas
95.7%
Boston CelticsIsaiah Thomas
95.7%
Los Angeles ClippersBlake Griffin
95.7%
Los Angeles ClippersChris Paul
95.7%
Los Angeles ClippersChris Paul
95.7%
Utah JazzGordon Hayward
95.7%
Cleveland CavaliersTristen Thompson
95.3%
Los Angeles ClippersDeAndre Jordan
95.3%
Los Angeles ClippersDeAndre Jordan
95.3%
New York KnicksCarmelo Anthony
95.3%
Memphis GrizzliesMike Conley
94.8%
Memphis GrizzliesMike Conley
94.8%
Miami HeatHassan Whiteside
94.8%
Miami HeatHassan Whiteside
94.8%
Chicago BullsRobin Lopez
94.4%
Chicago BullsRobin Lopez
94.4%
Brooklyn NetsBrook Lopez
94.4%
Brooklyn NetsBrook Lopez
94.4%
New Orleans PelicansAnthony Davis
94.4%
New Orleans PelicansAnthony Davis
94.4%
New Orleans PelicansAnthony Davis
94.4%
Philadelphia 76ersJoel Embiid
94%
Philadelphia 76ersJoel Embiid
94%
Philadelphia 76ersJoel Embiid
94%
Memphis GrizzliesMarc Gasol
94%
Miami HeatGoran Dragic
94%
Miami HeatGoran Dragic
94%
Miami HeatGoran Dragic
94%
San Antonio SpursPau Gasol
94%
Oklahoma City ThunderRussell Westbrook
94%
Oklahoma City ThunderRussell Westbrook
94%
Oklahoma City ThunderRussell Westbrook
94%
Oklahoma City ThunderRussell Westbrook
94%
Golden State WarriorsStephen Curry
94%
Charlotte HornetsKemba Walker
93.5%
Charlotte HornetsKemba Walker
93.5%
Utah JazzRudy Gobert
93.5%
Utah JazzRudy Gobert
93.5%
Chicago BullsRajon Rondo
93.1%
Indiana PacersPaul George
93.1%
Indiana PacersPaul George
93.1%
Toronto RaptorsDeMar DeRozan
93.1%
Milwaukee BucksGiannis Antetokounmpo
92.7%
Milwaukee BucksGiannis Antetokounmpo
92.7%
Hint Answer % Correct
Milwaukee BucksGiannis Antetokounmpo
92.7%
Milwaukee BucksGiannis Antetokounmpo
92.7%
Milwaukee BucksGiannis Antetokounmpo
92.7%
Atlanta HawksDwight Howard
92.7%
Atlanta HawksDwight Howard
92.7%
Toronto RaptorsKyle Lowry
92.7%
Toronto RaptorsKyle Lowry
92.7%
Houston RocketsJames Harden
92.7%
Houston RocketsJames Harden
92.7%
Houston RocketsJames Harden
92.7%
Boston CelticsAl Horford
91.8%
Boston CelticsAl Horford
91.8%
Portland Trail BlazersDamien Lillard
91.4%
Portland Trail BlazersDamien Lillard
91.4%
Washington WizardsJohn Wall
91.4%
Washington WizardsJohn Wall
91.4%
Washington WizardsJohn Wall
91.4%
Golden State WarriorsDraymond Green
90.9%
Golden State WarriorsDraymond Green
90.9%
New York KnicksKristaps Porzingis
90.1%
San Antonio SpursKawhi Leonard
90.1%
San Antonio SpursKawhi Leonard
90.1%
Pheonix SunsDevin Booker
90.1%
Atlanta HawksPaul Millsap
89.7%
Brooklyn NetsTrevor Booker
89.7%
Detroit PistonsAndre Drummond
89.7%
Detroit PistonsAndre Drummond
89.7%
Detroit PistonsAndre Drummond
89.7%
Minnesota TimberwolvesKarl-Anthony Towns
89.7%
Minnesota TimberwolvesKarl-Anthony Towns
89.7%
Minnesota TimberwolvesKarl-Anthony Towns
89.7%
Golden State WarriorsKevin Durant
89.7%
Golden State WarriorsKevin Durant
89.7%
Los Angeles LakersD'Angelo Russell
89.2%
Los Angeles LakersD'Angelo Russell
89.2%
Los Angeles LakersD'Angelo Russell
89.2%
San Antonio SpursTony Parker
86.6%
Minnesota TimberwolvesRicky Rubio
85.8%
Minnesota TimberwolvesRicky Rubio
85.8%
New Orleans PelicansJrue Holiday
85.3%
New Orleans PelicansJrue Holiday
85.3%
Pheonix SunsEric Bledsoe
85.3%
Washington WizardsMarcin Gortat
85.3%
Memphis GrizzliesZach Randolph
84.9%
Dallas MavericksHarrison Barnes
84.9%
Atlanta HawksDennis Schroder
84.5%
Denver NuggetsNikola Jokic
83.6%
Utah JazzGeorge Hill
80.6%
Detroit PistonsReggie Jackson
80.2%
Indiana PacersMyles Turner
79.7%
Hint Answer % Correct
Indiana PacersJeff Teague
79.7%
Indiana PacersMyles Turner
79.7%
Boston CelticsMarcus Smart
78.4%
San Antonio SpursLaMarcus Aldridge
77.6%
Sacramento KingsRudy Gay
76.7%
Sacramento KingsRudy Gay
76.7%
Sacramento KingsRudy Gay
76.7%
Sacramento KingsRudy Gay
76.7%
Orlando MagicElfrid Payton
76.3%
Houston RocketsClint N'Dumba Capela
76.3%
Charlotte HornetsNicolas Batum
75.4%
New York KnicksJoakim Noah
75%
Los Angeles LakersJulius Randle
75%
Orlando MagicNikola Vucevic
75%
Pheonix SunsTyson Chandler
73.7%
Toronto RaptorsJonas Valanciunas
71.1%
Denver NuggetsGary Harris
70.3%
Detroit PistonsTobias Harris
70.3%
Brooklyn NetsJeremy Lin
69.4%
Brooklyn NetsJeremy Lin
69.4%
Memphis GrizzliesTony Allen
67.7%
Philadelphia 76ersRobert Covington
66.8%
Houston RocketsTrevor Ariza
66.8%
Denver NuggetsDanilo Gallinari
65.9%
Orlando MagicEvan Fournier
65.1%
New York KnicksCourtney Lee
63.4%
Portland Trail BlazersJusuf Nurkic
62.5%
Portland Trail BlazersJusuf Nurkic
62.5%
Portland Trail BlazersJusuf Nurkic
62.5%
Philadelphia 76ersT.J. McConnell
58.6%
Pheonix SunsAlex Len
54.7%
Orlando MagicBismack Biyombo
46.1%
Charlotte HornetsMichael Kidd-Gilchrist
45.3%
Sacramento KingsTy Lawson
44.4%
Dallas MavericksNerlens Noel
44%
Dallas MavericksNerlens Noel
44%
Utah JazzJoe Ingles
42.2%
Dallas MavericksJ.J. Barea
40.9%
Denver NuggetsMason Plumlee
40.1%
New York KnicksBrandon Jennings
39.7%
Denver NuggetsJameer Nelson
37.9%
Atlanta HawksThabo Sefolosha
35.8%
Charlotte HornetsRoy Hibbert
31.9%
Dallas MavericksYogi Ferrell
31.9%
Orlando MagicTerrence Ross
30.2%
Pheonix SunsP.J. Tucker
30.2%
Los Angeles LakersIvica Zubac
27.2%
Washington WizardsIan Mahinmi
19.8%
Oklahoma City ThunderJeremi Grant
15.5%
Toronto RaptorsLucas Nogueira
13.8%

You're not logged in!

Compare scores with friends on all Sporcle quizzes.
OR
Log In

You Might Also Like...

Show Comments

Extras

Top Quizzes Today


Score Distribution

Your Account Isn't Verified!

In order to create a playlist on Sporcle, you need to verify the email address you used during registration. Go to your Sporcle Settings to finish the process.

Report this User

Report this user for behavior that violates our Community Guidelines.

Details: